|
|
|
|
| LEADER |
01180nam a22003015a 4500 |
| 001 |
AAL7118 |
| 003 |
BD-DhAAL |
| 005 |
20160210171708.0 |
| 008 |
150209s2002 maua b 001 0 eng |
| 010 |
|
|
|a 2001276109
|
| 020 |
|
|
|a 0072436344
|
| 040 |
|
|
|a DLC
|c DLC
|d DLC
|d BD-DhAAL
|
| 050 |
0 |
0 |
|a T353
|b .B452 2002
|
| 082 |
0 |
0 |
|a 604.2
|2 21
|
| 999 |
|
|
|c 33629
|d 33629
|
| 999 |
|
|
|c 33629
|
| 100 |
1 |
|
|a Bertoline, Gary R.
|9 8146
|
| 245 |
1 |
0 |
|a Introduction to graphics communications for engineers /
|c Gary R. Bertoline.
|
| 250 |
|
|
|a 2nd ed.
|
| 260 |
|
|
|a Boston :
|b McGraw-Hill,
|c c2002.
|
| 300 |
|
|
|a 230 p. :
|b ill. ;
|c 26 cm.
|
| 490 |
|
|
|a Basic engineering series and tools
|
| 504 |
|
|
|a Includes bibliographical references and index.
|
| 541 |
|
|
|e 7118
|
| 650 |
|
0 |
|a Engineering graphics.
|9 8147
|
| 942 |
|
|
|2 ddc
|c BK
|
| 952 |
|
|
|0 0
|1 0
|2 ddc
|4 0
|6 604_200000000000000_BER
|7 0
|9 52521
|a SCL
|b SCL
|c GEN
|d 2015-02-09
|e Gift: The Asia Foundation
|l 1
|m 1
|o 604.2 BER
|p 3020007118
|r 2022-06-04
|s 2022-05-28
|t 1
|w 2015-02-09
|y BK
|
| 952 |
|
|
|0 0
|1 0
|2 ddc
|4 0
|6 604_200000000000000_BER
|7 0
|9 53051
|a SCL
|b SCL
|c GEN
|d 2015-03-12
|e Gift: The Asia Foundation
|l 1
|o 604.2 BER
|p 3020007117
|r 2018-10-06
|s 2018-09-25
|t 2
|w 2015-03-12
|y BK
|